Normal view
MARC view
- القرآن الكريم-العلاج النفسي-السنة النبوية-العلاج النفسي
Entry Topical Term
001 - CONTROL NUMBER
- control field: 22507
003 - CONTROL NUMBER IDENTIFIER
- control field: JO-AjAnu
005 - DATE AND TIME OF LATEST TRANSACTION
- control field: 20230606073902.0
008 - FIXED-LENGTH DATA ELEMENTS
- fixed length control field: 230606|| aca||aabn | a|a d
040 ## - CATALOGING SOURCE
- Original cataloging agency: JO-AjAnu
- Transcribing agency: JO-AjAnu
150 ## - HEADING--TOPICAL TERM
- Topical term or geographic name entry element: القرآن الكريم-العلاج النفسي-السنة النبوية-العلاج النفسي
670 ## - SOURCE DATA FOUND
- Source citation: Work cat.: (JO-AjAnu)11568: موسى،رشاد علي عبد العزيز, author 22506, أساليب العلاج النفسي في ضوء القرآن الكريم والسنة النبوية